000 00861nam a2200241Ia 4500
999 _c4921
_d4921
003 OSt
005 20200326103141.0
008 191128s2007 maua gr 001 0 spa d
020 _a9781605850627
040 _aCO-JMCR
_cCO-JMCR
082 0 4 _a005.8 /
_bG298e
100 1 _aGeer, Daniel E.,
_eautor
_91893
245 1 4 _aThe Economics and Strategies of Data Security : /
_cDaniel E. Geer
260 _aMassachusetts :
_bVerdasys press,
_c2007
300 _a180 páginas :
_bilustraciones en blanco y negro ;
_c23 cm.
300 _c
505 _ahow we got here / Punctuated equilibrian in computing´s --Data security is more bisiness than technical concern
534 _pThe Economics and Strategies of Data Security
546 _aIngles
650 1 4 _aSeguridad informática
_91894
650 2 4 _a Seguridad de datos
_xCostos
_91895
942 _2ddc
_cBK